000 00882nam a22002177a 4500
999 _c6632
_d6632
003 AR-CdUCM
008 190318b ||||| |||| 00| 0 spa d
040 _aMUNICIPALIDAD PROVINCIAL DEL CUSCO
_cBIBLIOTECA MUNICIPAL DEL CUSCO
082 _a541 /
_bG88
100 _aGuevara, Juan de Dios
_918652
245 _aQuímica de las Reacciones Orgánicas /
260 _aEspaña :
_bAlhambra ;
_c1969.
300 _a395 páginas ;
_bFórmulas, diagramas, ilustraciones
_c20cm
440 _aColección Exedra - Ciencia, Técnica, Ingeniería
_n51
_918653
505 _aContenido: Reacción de Arndt-Eistert -- Reacción de Bart -- Reacción de Béchamp -- Reacción de Cannizzaro -- Reacción de Claisen -- Reacción de Darzens...
650 _aQuímica
_94512
700 _aChing Puente, Orlando
_918654
700 _aGalvez, Claudio
_918655
942 _2ddc
_cLIBROS
945 _anom